Introduction to multivariate analysis / (Record no. 1443)
[ view plain ]
| 000 -LEADER | |
|---|---|
| fixed length control field | 00662nam a2200217 a 4500 |
| 001 - CONTROL NUMBER | |
| control field | 4191094 |
| 005 - DATE AND TIME OF LATEST TRANSACTION | |
| control field | 20241122142223.0 |
| 008 - FIXED-LENGTH DATA ELEMENTS--GENERAL INFORMATION | |
| fixed length control field | 820607s1980 enka b 001 0 eng |
| 020 ## - INTERNATIONAL STANDARD BOOK NUMBER | |
| International Standard Book Number | 0412160307 |
| 020 ## - INTERNATIONAL STANDARD BOOK NUMBER | |
| International Standard Book Number | 9487212160400 |
| 050 00 - LIBRARY OF CONGRESS CALL NUMBER | |
| Classification number | QA278 |
| Item number | .C48 1980 |
| 082 00 - DEWEY DECIMAL CLASSIFICATION NUMBER | |
| Classification number | 519.5/35 |
| Edition information | 19 |
| 100 1# - MAIN ENTRY--PERSONAL NAME | |
| Personal name | Chatfield, Christopher. |
| 245 10 - TITLE STATEMENT | |
| Title | Introduction to multivariate analysis / |
| Statement of responsibility, etc. | Christopher Chatfield, Alexander J. Collins. |
| 260 ## - PUBLICATION, DISTRIBUTION, ETC. | |
| Place of publication, distribution, etc. | London ; |
| -- | New York : |
| Name of publisher, distributor, etc. | Chapman and Hall, |
| Date of publication, distribution, etc. | 1980. |
| 300 ## - PHYSICAL DESCRIPTION | |
| Extent | x, 246 p. : |
| Other physical details | ill. ; |
| Dimensions | 24 cm. |
| 500 ## - GENERAL NOTE | |
| General note | Includes indexes. |
| 650 #0 - SUBJECT ADDED ENTRY--TOPICAL TERM | |
| Topical term or geographic name entry element | Multivariate analysis. |
| 700 1# - ADDED ENTRY--PERSONAL NAME | |
| Personal name | Collins, Alexander J. |
| 942 ## - ADDED ENTRY ELEMENTS (KOHA) | |
| Source of classification or shelving scheme | Library of Congress Classification |
| Koha item type | Books |
| Suppress in OPAC | No |
| 999 ## - | |
| -- | 1443 |
| -- | 1443 |
| Withdrawn status | Lost status | Source of classification or shelving scheme | Damaged status | Not for loan | Collection | Home library | Current library | Shelving location | Date acquired | Total checkouts | Full call number | Barcode | Date last seen | Copy number | Price effective from | Koha item type |
|---|---|---|---|---|---|---|---|---|---|---|---|---|---|---|---|---|
| Library of Congress Classification | Non-fiction | Science Library (Miotso) | Science Library (Miotso) | General stacks | 11/22/2024 | QA278 .C48 CHA | SLM00000759 | 11/22/2024 | 1 | 11/22/2024 | Books | |||||
| Library of Congress Classification | Non-fiction | Science Library (Miotso) | Science Library (Miotso) | General stacks | 11/22/2024 | QA278 .C48 CHA | SLM00000760 | 11/22/2024 | 2 | 11/22/2024 | Books | |||||
| Library of Congress Classification | Non-fiction | Science Library (Miotso) | Science Library (Miotso) | General stacks | 11/22/2024 | QA278 .C48 CHA | SLM00000761 | 11/22/2024 | 3 | 11/22/2024 | Books |